Library of the University of Algiers 3
Ibrahim Sultan Cheibout
شعار جامعة الجزائر 3
مكتبة جامعة الجزائر 3
إبراهيم سلطان شيبوط

الجرائم الاقتصادية : (رقم التسجيلة. 43836)

تفاصيل مارك
000 -LEADER
fixed length control field 02170nam a2200241Ia 4500
003 - CONTROL NUMBER IDENTIFIER
control field Ost
005 - DATE AND TIME OF LATEST TRANSACTION
control field 20260507075309.0
008 - FIXED-LENGTH DATA ELEMENTS--GENERAL INFORMATION
fixed length control field 260507s9999||||xx |||||||||||||| ||und||
020 ## - INTERNATIONAL STANDARD BOOK NUMBER
International Standard Book Number 51438977
040 ## - CATALOGING SOURCE
Transcribing agency fsecg
041 ## - LANGUAGE CODE
Language code of text/sound track or separate title ara
082 ## - DEWEY DECIMAL CLASSIFICATION NUMBER
Classification number 330
100 ## - MAIN ENTRY--PERSONAL NAME
Personal name نسرين، عبد الحميد
Relator term مؤلف
245 #0 - TITLE STATEMENT
Title الجرائم الاقتصادية :
Remainder of title التقليدية ، المستحدثة /
Statement of responsibility, etc. عبد الحميد نسرين
260 ## - PUBLICATION, DISTRIBUTION, ETC.
Place of publication, distribution, etc. الاسكندرية:
Name of publisher, distributor, etc. المكتب الجامعي الحديث,
Date of publication, distribution, etc. 2009
300 ## - PHYSICAL DESCRIPTION
Extent 458 صفحة؛
Dimensions 25 سم
520 ## - SUMMARY, ETC.
Summary, etc. التعريف بالجريمة الاقتصادية ، أسبابها تطورها و فكرة هذه الجريمة في التشريعات المعاصرة و التحليل الفقهي و القضائي لها مع شرح الجرائم الاقتصادية أركانها المسؤولية الجنائية عنها و الاجراءات و العقوبات فيها كما تم تناول الجرائم الاقتصادية التقليدية بالتطرق الى جريمة التهريب الجمركي ، جرائم قانون النقد ، جرائم الشركات ، الضرائب ، الكسب غير المشروع ، البنوك و الائتمان و الجرائم بتزييف العملة و كذلك الجرائم الاقتصادية المستحدثة بالتطرق الى خصوصية الجريمة الاقتصادية في العالم الثالث و التحولات الاجتماعية منذ مطلع السبعينيات و قيمة الكسب غير المشروع و السلوك الواقعي و كذلك جرائم البناء و الاسكان ، ضرب السياحة ، توظيف الاموال ، الشيك و تاريخه ، النقابات المهنية ، الحساب الآلي ، غسيل الأموال ، إساءة استعمال السلطة الاقتصادية و الجرائم المتعلقة بسياسة الائتمان .
653 ## - INDEX TERM--UNCONTROLLED
Uncontrolled term الاقتصاد
653 ## - INDEX TERM--UNCONTROLLED
Uncontrolled term الجرائم التجارية
653 ## - INDEX TERM--UNCONTROLLED
Uncontrolled term الجريمة و المجرمون
653 ## - INDEX TERM--UNCONTROLLED
Uncontrolled term جرائم الأموال
942 ## - ADDED ENTRY ELEMENTS (KOHA)
Koha item type كتب
المقتنيات
Withdrawn status Lost status Source of classification or shelving scheme Damaged status Not for loan Home library Current library Date acquired Serial enumeration / chronology Inventory number Total checkouts Full call number Barcode Date last seen Price effective from Koha item type
    Dewey Decimal Classification   NOT LOAN / إعارة داخلية مكتبة كلية العلوم الإقتصادية والعلوم التجارية وعلوم التسيير مكتبة كلية العلوم الإقتصادية والعلوم التجارية وعلوم التسيير 07/05/2026 الطابق الأرضي 2011/14096   أ/3807ن1 2011/14096 07/05/2026 07/05/2026 كتب
    Dewey Decimal Classification   Available مكتبة كلية العلوم الإقتصادية والعلوم التجارية وعلوم التسيير مكتبة كلية العلوم الإقتصادية والعلوم التجارية وعلوم التسيير 07/05/2026 الطابق الأرضي 2011/14097   أ/3807ن2 2011/14097 07/05/2026 07/05/2026 كتب
    Dewey Decimal Classification   Available مكتبة كلية العلوم الإقتصادية والعلوم التجارية وعلوم التسيير مكتبة كلية العلوم الإقتصادية والعلوم التجارية وعلوم التسيير 07/05/2026 الطابق الثاني 2011/14098   أ/3807ن3 2011/14098 07/05/2026 07/05/2026 كتب
    Dewey Decimal Classification   Available مكتبة كلية العلوم الإقتصادية والعلوم التجارية وعلوم التسيير مكتبة كلية العلوم الإقتصادية والعلوم التجارية وعلوم التسيير 07/05/2026 الطابق الثاني 2011/14099   أ/3807ن4 2011/14099 07/05/2026 07/05/2026 كتب

موارد الويب المفتوحة


© University of Algiers 3 All Rights Reserved
|
Implemented by LECHELAH Riad